The English middle classes /

Сохранить в:
Библиографические подробности
Главный автор: Lewis, Roy, 1913-
Другие авторы: Maude, Angus, 1912-
Формат:
Язык:English
Опубликовано: London : Phoenix House, 1949.
Предметы:
LEADER 00806nam a22002171a 4500
001 c000365453
003 CARM
005 00000000000000.0
008 851211s1949 enk 00010 eng d
019 1 |a 4162493  |5 LACONCORD2021 
035 |a (OCoLC)154275552  |5 LACONCORD2021 
100 1 |a Lewis, Roy,  |d 1913- 
245 1 4 |a The English middle classes /  |c Roy Lewis and Angus Maude. 
260 |a London :  |b Phoenix House,  |c 1949. 
300 |a 320 p. 
504 |a Includes bibliographical references. 
650 0 |a Middle class  |z Great Britain. 
700 1 |a Maude, Angus,  |d 1912- 
852 8 |b CARM  |h A1:AP30G0  |i B07990  |p 0355416  |f BK 
999 f f |i b6f66131-ea2f-587f-9e1d-fc52ef3146fd  |s cb4fc4dd-8acc-5871-839a-e38ca146da18 
952 f f |p Can circulate  |a CAVAL  |b CAVAL  |c CAVAL  |d CARM 1 Store  |e B07990  |f A1:AP30G0  |h Other scheme  |i book  |m 0355416